Städte an der Ostsee - Sudden Death - Statistiken

Allgemein
  • Dieses Quiz wurde 565 mal gespielt
  • Das Durchschnittsergebnis liegt bei 4 aus 15
Answers on the Grid
Answers color-coded by a green-red scale on the quiz's grid according to % correct below.
Rostock
Oslo
Göteborg
Danzig
Oulu
Cuxhaven
Schwerin
Posen
Flensburg
Lodz
Stockholm
Vilnius
Pskov
Tampere
Stralsund
Lübeck
Kaunas
St Petersburg
Riga
Aalborg
Neubrandenburg
Wismar
Helsinki
Tartu
Uppsala
Murmansk
Tallinn
Visby
Kaliningrad
Linköping
Kiel
Stavanger
 
Antwortstatistiken
Antwort % Korrekt
Rostock
92%
Danzig
43%
Kiel
38%
Lübeck
35%
Stockholm
27%
Flensburg
24%
Stralsund
22%
St Petersburg
21%
Wismar
21%
Helsinki
20%
Riga
18%
Kaliningrad
16%
Oulu
14%
Tallinn
14%
Visby
6%
Keine übereinstimmenden Quizze gefunden
Verteilung der Resultate
Anzahl Personen mit jedem Resultat
Perzentil nach korrekt beantworteten Fragen
Ihre Resultats-Entwicklung
Sie haben dieses Quiz noch nicht gespielt